000 00534nam a2200181Ia 4500
003 OSt
005 20240412095837.0
008 210210b xxu||||| |||| 00| 0 eng d
040 _cAL
041 _akan
082 _a859/1557
100 _aRAMAMOLEYARA VISHVAMITRA
_9155885
_dರಾಮಮೊಳೆಯಾರ ವಿಶ್ವಾಮಿತ್ರ
245 _aJanapriya bharata
_bಜನಪ್ರಿಯ ಭಾರತ
260 _aMangaluru
_bViveka Sahityamale
690 _aKannada Fiction
_9155886
906 _a022285
942 _2ddc
_cBK
999 _c146438
_d146438